A history of the Arab peoples / (Record no. 829)

MARC details
000 -LEADER
fixed length control field 00748pam a2200241 a 4500
005 - DATE AND TIME OF LATEST TRANSACTION
control field 20260322212036.0
008 - FIXED-LENGTH DATA ELEMENTS--GENERAL INFORMATION
fixed length control field data
010 ## - LIBRARY OF CONGRESS CONTROL NUMBER
LC control number 90048708
020 ## - INTERNATIONAL STANDARD BOOK NUMBER
International Standard Book Number 0674395654 :
Terms of availability {dollar}24.95
020 ## - INTERNATIONAL STANDARD BOOK NUMBER
International Standard Book Number 9780674395657 :
Terms of availability {dollar}24.95
040 ## - CATALOGING SOURCE
Original cataloging agency DLC
Transcribing agency DLC
Modifying agency DLC
043 ## - GEOGRAPHIC AREA CODE
Geographic area code ma-----
050 00 - LIBRARY OF CONGRESS CALL NUMBER
Classification number DS37.7
Item number .H67 1991
082 00 - DEWEY DECIMAL CLASSIFICATION NUMBER
Classification number 909/.0974927
Edition information 20
092 ## - LOCALLY ASSIGNED DEWEY CALL NUMBER (OCLC)
Classification number 909.097 H67 1991
001 - CONTROL NUMBER
control field data
100 1# - MAIN ENTRY--PERSONAL NAME
Personal name Hourani, Albert Habib.
245 12 - TITLE STATEMENT
Title A history of the Arab peoples /
Statement of responsibility, etc. Albert Habib Hourani.
260 ## - PUBLICATION, DISTRIBUTION, ETC.
Place of publication, distribution, etc. Cambridge, Mass. :
Name of publisher, distributor, etc. Belknap Press of Harvard University Press,
Date of publication, distribution, etc. 1991.
300 ## - PHYSICAL DESCRIPTION
Extent xx, 551 p. :
Other physical details ill. ;
Dimensions 25 cm.
504 ## - BIBLIOGRAPHY, ETC. NOTE
Bibliography, etc. note Includes bibliographical references (p. 500-529) and indexes.
651 #0 - SUBJECT ADDED ENTRY--GEOGRAPHIC NAME
Geographic name Arab countries
General subdivision History.
Holdings
Withdrawn status Lost status Damaged status Not for loan Home library Current library Shelving location Date acquired Total checkouts Full call number Barcode Date last seen Price effective from Koha item type
        Centerville Centerville General stacks 22/03/2026   909/.0974927 20 BC0010853 22/03/2026 22/03/2026 Books